000 00712nam a2200277Ia 4500
003 OSt
005 20221006142426.0
006 a|||||r|||| 00| 0
007 ta
008 221006b |||||||| |||| 00| 0 eng d
020 _a0521306981
_c753.00
024 _a6,350
037 _cTextual
040 _aEASL
_cEASL
_beng
041 _2eng
_aeng
082 _aYxM64, M6
100 _aCOLLINS Randall
245 0 _aWeberian sociological theory
260 _aCambridge
_bCambridge University
_c1986
300 _a356p.
_ccm.
490 _v CEL
650 _a Sociology Germany
_9647714
650 _aCEL
942 _hYxM64, M6
_cTEXL
_2CC
999 _c1074436
_d1074436